| 000 | 00670nam a2200217 a 4500 | ||
|---|---|---|---|
| 001 | BRL_1878 | ||
| 005 | 20190320211418.0 | ||
| 008 | 120815s1983----mx-a######---#000-0#spa-# | ||
| 041 | _aspa | ||
| 044 | _amx | ||
| 050 | 4 |
_aF1211 _b.C37 1983 |
|
| 100 | 1 |
_aGemelli Careri, Giovanni Francesco _d1651-1725 _928113 |
|
| 245 | 1 | 0 |
_aViaje a la Nueva España _cGemelli Carreri ; traducido por José María de Agreda y Sánchez. |
| 260 |
_aMéxico _bJorge Porrúa _c1983 |
||
| 300 |
_av. _bil. _c22 cm. |
||
| 500 | _at.2 Au1926 | ||
| 651 | 4 |
_aMéxico _xDescripción y viajes _9103 |
|
| 700 | 1 |
_aAgreda y Sánchez, José María de _etr. _928114 |
|
| 902 | _aGRL | ||
| 942 |
_2lcc _cB |
||
| 999 |
_c10686 _d10686 |
||